La délinquance à Paris (par arrondissement) - Statistiques

Statistiques générales
  • Ce quiz a été pris 62 fois
  • Le résultat moyen est 8 sur 140
Statistiques - réponses
Rang
Coups et blessures volontaires
Arrondissements % Correct
Coups et blessures volontaires 1 28.9 1
98%
Coups et blessures volontaires 2 15.9 8
75%
Coups et blessures volontaires 3 12.7 4
46%
Coups et blessures volontaires 4 11.7 10
37%
Coups et blessures volontaires 5 11.1 2
36%
Coups et blessures volontaires 6 9.2 3
34%
Coups et blessures volontaires 7 9.1 12
32%
Coups et blessures volontaires 7 9.1 19
29%
Coups et blessures volontaires 9 8.5 18
24%
Coups et blessures volontaires 10 6.9 9
22%
Coups et blessures volontaires 10 6.9 13
17%
Coups et blessures volontaires 12 6.5 20
15%
Coups et blessures intrafamiliaux 1 5.2 1
14%
Coups et blessures volontaires 12 6.5 11
14%
Cambriolages 1 25.5 1
12%
Coups et blessures volontaires 17 5.6 14
12%
Coups et blessures volontaires 19 5.1 16
12%
Coups et blessures volontaires 14 6.3 17
12%
Coups et blessures volontaires 15 5.7 5
12%
Coups et blessures volontaires 17 5.6 6
12%
Coups et blessures volontaires 15 5.7 7
12%
Vols violents sans arme 1 31.9 1
8%
Coups et blessures volontaires 1 380.8 1
8%
Vols sans violence 1 18.3 1
8%
Coups et blessures volontaires 20 5 15
8%
Cambriolages 2 24.6 8
8%
Vols de véhicule 2 4.9 1
5%
Coups et blessures intrafamiliaux 5 3.1 10
5%
Coups et blessures intrafamiliaux 7 2.8 13
5%
Coups et blessures intrafamiliaux 3 3.5 19
5%
Coups et blessures intrafamiliaux 4 3.2 2
5%
Cambriolages 3 18.2 2
5%
Coups et blessures intrafamiliaux 8 2.6 20
5%
Coups et blessures intrafamiliaux 2 3.5 3
5%
Coups et blessures intrafamiliaux 6 2.9 8
5%
Vols de véhicule 1 7 8
5%
Coups et blessures volontaires 2 181.6 8
5%
Vols violents sans arme 3 12.1 10
3%
Coups et blessures volontaires 5 98.7 10
3%
Cambriolages 5 14.1 10
3%
Coups et blessures intrafamiliaux 11 2.4 11
3%
Coups et blessures intrafamiliaux 8 2.6 12
3%
Coups et blessures intrafamiliaux 16 2.2 14
3%
Coups et blessures intrafamiliaux 14 2.3 15
3%
Coups et blessures intrafamiliaux 17 1.9 16
3%
Vols de véhicule 4 4.5 16
3%
Coups et blessures intrafamiliaux 14 2.3 17
3%
Coups et blessures intrafamiliaux 10 2.5 18
3%
Vols de véhicule 3 4.8 2
3%
Coups et blessures volontaires 3 135.7 2
3%
Cambriolages 4 14.9 3
3%
Coups et blessures intrafamiliaux 11 2.4 4
3%
Coups et blessures volontaires 4 134.6 4
3%
Cambriolages 6 14 4
3%
Coups et blessures intrafamiliaux 20 1.5 5
3%
Coups et blessures intrafamiliaux 17 1.9 6
3%
Coups et blessures intrafamiliaux 19 1.6 7
3%
Vols violents sans arme 2 14.4 8
3%
Coups et blessures intrafamiliaux 11 2.4 9
3%
Cambriolages 6 14 9
3%
Vols de véhicule 6 3.6 10
2%
Vols sans violence 12 8.5 10
2%
Vols violents sans arme 13 4.5 11
2%
Coups et blessures volontaires 15 44.2 11
2%
Vols sans violence 20 6.1 11
2%
Vols violents sans arme 11 5.6 12
2%
Vols de véhicule 7 3.3 12
2%
Coups et blessures volontaires 11 61.3 12
2%
Vols sans violence 15 7 12
2%
Vols violents sans arme 15 3.7 13
2%
Coups et blessures volontaires 13 49.3 13
2%
Vols sans violence 16 6.8 13
2%
Vols violents sans arme 20 2.9 14
2%
Coups et blessures volontaires 16 42.2 14
2%
Vols sans violence 17 6.7 14
2%
Vols violents sans arme 19 3 15
2%
Coups et blessures volontaires 18 34.1 15
2%
Vols sans violence 8 10 15
2%
Cambriolages 20 6 15
2%
Vols violents sans arme 12 5.2 16
2%
Coups et blessures volontaires 17 41.3 16
2%
Vols sans violence 14 7.6 16
2%
Vols violents sans arme 17 3.4 17
2%
Coups et blessures volontaires 19 33.7 17
2%
Vols sans violence 13 8.4 17
2%
Vols violents sans arme 6 9 18
2%
Coups et blessures volontaires 10 61.5 18
2%
Vols sans violence 9 9.8 18
2%
Vols violents sans arme 10 6.8 19
2%
Coups et blessures volontaires 14 46.2 19
2%
Vols sans violence 19 6.3 19
2%
Cambriolages 8 12.5 19
2%
Vols violents sans arme 5 9.3 2
2%
Vols sans violence 3 17.4 2
2%
Vols violents sans arme 17 3.4 20
2%
Coups et blessures volontaires 20 25.8 20
2%
Vols sans violence 18 6.5 20
2%
Vols violents sans arme 8 7.5 3
2%
Vols de véhicule 5 4 3
2%
Coups et blessures volontaires 8 85.9 3
2%
Vols sans violence 4 16.6 3
2%
Vols violents sans arme 4 11.1 4
2%
Vols sans violence 2 17.6 4
2%
Vols violents sans arme 15 3.7 5
2%
Coups et blessures volontaires 12 61.3 5
2%
Vols sans violence 6 12.5 5
2%
Vols violents sans arme 14 4.3 6
2%
Coups et blessures volontaires 7 91.7 6
2%
Vols sans violence 5 14.3 6
2%
Vols violents sans arme 9 6.9 7
2%
Coups et blessures volontaires 9 77.6 7
2%
Vols sans violence 10 9.1 7
2%
Vols sans violence 7 12.2 8
2%
Vols violents sans arme 7 7.9 9
2%
Coups et blessures volontaires 6 95.4 9
2%
Vols sans violence 11 8.8 9
2%
Vols de véhicule 10 3 11
0%
Cambriolages 9 11.6 11
0%
Cambriolages 12 10.7 12
0%
Vols de véhicule 19 2.1 13
0%
Cambriolages 18 8 13
0%
Vols de véhicule 13 2.6 14
0%
Cambriolages 19 7.8 14
0%
Vols de véhicule 13 2.6 15
0%
Cambriolages 14 10.3 16
0%
Vols de véhicule 10 3 17
0%
Cambriolages 15 9.8 17
0%
Vols de véhicule 18 2.3 18
0%
Cambriolages 10 11.3 18
0%
Vols de véhicule 17 2.4 19
0%
Vols de véhicule 13 2.6 20
0%
Cambriolages 17 8.1 20
0%
Vols de véhicule 8 3.2 4
0%
Vols de véhicule 20 1.9 5
0%
Cambriolages 16 8.7 5
0%
Vols de véhicule 13 2.6 6
0%
Cambriolages 13 10.6 6
0%
Vols de véhicule 10 3 7
0%
Cambriolages 11 10.9 7
0%
Vols de véhicule 8 3.2 9
0%
Aucun quiz correspondant
Distribution des résultats
% des personnes avec chaque résultat
Percentile par nombre de réponses
Votre historique - résultats
Vous n’avez pas pris ce quiz